000 00688nam a2200193Ii 4500
003 JO-AjNU
008 230605s9999||||xx |||||||||||||| ||und||
040 _aJO-AjNU
_bara
_erda
_cJO-AjNU
041 _aara
050 1 4 _aPJ8062.B3748 2003
100 3 _aتأليف البطاينة، جودي فارس,
_eauthor
_950074
245 0 0 _aشخصية الآخر في الرواية في الأردن
264 3 1 _aعمان: مؤسسة الوراق للنشر، 2003
300 _a278ص
336 _atext
_btxt
_2rdacontent
337 _aunmediated
_bn
_2rdamedia
338 _avolume
_bnc
_2rdacarrier
650 4 _aالأدب العربي - روايات - الأردن - دراسات
_950075
999 _aA22034
_c25602
_d25602